London Underground Railway Stations - Statistics

General Stats
  • This quiz has been taken 36 times
  • The average score is 5 of 10
Answer Stats
Hint Answer % Correct
At which battle of 1815 did Wellington defeat Napoleon? Waterloo
94%
Which bear came from Darkest Peru and went to live with the Brown family? Paddington
88%
What is the largest lake in Africa? Victoria
85%
What is the second property after 'go' on a UK Monopoly board? Whitechapel
55%
Which UK motor company used to manufacture the Cavalier? Vauxhall
52%
Which Gerry Rafferty hit of 1978, stayed in the UK charts for 13 weeks? Baker Street
48%
In the rhyme 'Oranges and Lemons say the bells of St Clemens', what is the 4th church mentioned? Shoreditch
21%
What is the common name for the Pleiades star cluster? Seven Sisters
15%
What was the venue of the very first UK FA Cup final in 1872? Kennington Oval
12%
Which venue is the London home of The Royal Shakespeare Company? Barbican
9%
No matching quizzes found
Score Distribution
Percent of People with Each Score
Percentile by Number Answered
Your Score History
You have not taken this quiz